[Event "Hessenliga 1921"]
[Site "Hessen"]
[Date "2020.02.16"]
[Round "6.7"]
[White "Holmlund, Kenneth"]
[Black "Seifert, Christopher"]
[Result "1/2-1/2"]
[WhiteElo "2087"]
[BlackElo "2321"]
[PlyCount "62"]
[EventDate "2019.09.22"]
[EventType "team-tourn"]
[EventRounds "9"]
[EventCountry "GER"]
[SourceTitle "EXT 2024"]
[Source "ChessBase"]
[SourceDate "2023.10.10"]
[SourceVersion "1"]
[SourceVersionDate "2023.10.10"]
[SourceQuality "1"]
[WhiteTeam "Griesheim II"]
[BlackTeam "Neuberg II"]
[WhiteTeamCountry "GER"]
[BlackTeamCountry "GER"]

1. c4 c5 2. Nc3 Nc6 3. Nf3 e5 4. e3 f5 5. d4 e4 6. d5 exf3 7. dxc6 dxc6 8. Qxd8+ Kxd8 9. gxf3 Be6 10. e4 Bd6 11. Be3 Kc7 12. f4 Nh6 13. e5 Be7 14. 0-0-0 b6 15. h4 Ng4 16. Be2 Rad8 17. Rxd8 Rxd8 18. b3 h5 19. Kc2 a6 20. a4 Rb8 21. Nb1 Bf7 22. Nd2 b5 23. axb5 axb5 24. Nf3 Ra8 25. Rb1 Kb6 26. Kb2 Rd8 27. Kc3 Rd7 28. Ra1 Rd8 29. Ra2 Be6 30. Bd3 g6 31. Be2 Bf7 1/2-1/2

[Event "Oberliga Ost-B 1819"]
[Site "Germany"]
[Date "2018.11.10"]
[Round "2.4"]
[White "Seifert, Christopher"]
[Black "Will, Matthias"]
[Result "1/2-1/2"]
[WhiteElo "2327"]
[BlackElo "2002"]
[PlyCount "71"]
[EventDate "2018.10.21"]
[EventType "team-tourn"]
[EventRounds "11"]
[EventCountry "GER"]
[SourceTitle "EXT 2020"]
[Source "ChessBase"]
[SourceDate "2019.10.17"]
[SourceVersion "1"]
[SourceVersionDate "2019.10.17"]
[SourceQuality "1"]
[WhiteTeam "Neuberg"]
[BlackTeam "Naumburg"]
[WhiteTeamCountry "GER"]
[BlackTeamCountry "GER"]

1. c4 f5 2. g3 Nf6 3. Bg2 g6 4. Nc3 Bg7 5. d3 d6 6. e3 Nc6 7. Nge2 e5 8. 0-0 0-0 9. Rb1 a5 10. a3 Be6 11. Nd5 Bxd5 12. cxd5 Ne7 13. Qc2 Rc8 14. Qb3 b6 15. Bd2 Qe8 16. Rbc1 g5 17. f4 Qh5 18. fxe5 Qxe2 19. Rf2 Qh5 20. exf6 Bxf6 21. Rc4 Ng6 22. Rxf5 Ne5 23. Rcf4 Ng4 24. h3 Nh6 25. Rxf6 gxf4 26. g4 Qh4 27. Rxf8+ Rxf8 28. exf4 Re8 29. Qd1 Qg3 30. Qf1 Nf7 31. Qf2 Qxd3 32. Bc3 Re3 33. Bf1 Qe4 34. Bg2 Qd3 35. Bf1 Qe4 36. Bg2 1/2-1/2

[Event "Oberliga Ost-B 1718"]
[Site "Germany"]
[Date "2018.01.21"]
[Round "5.5"]
[White "Seifert, Christopher"]
[Black "Wenner, Frank"]
[Result "1-0"]
[WhiteElo "2290"]
[BlackElo "2095"]
[PlyCount "73"]
[EventDate "2017.10.22"]
[EventType "team-tourn"]
[EventRounds "11"]
[EventCountry "GER"]
[SourceTitle "EXT 2019"]
[Source "ChessBase"]
[SourceDate "2018.10.10"]
[SourceVersion "1"]
[SourceVersionDate "2018.10.10"]
[SourceQuality "1"]
[WhiteTeam "Neuberg"]
[BlackTeam "Gernsheim"]
[WhiteTeamCountry "GER"]
[BlackTeamCountry "GER"]

1. c4 Nf6 2. Nc3 g6 3. e4 d6 4. g3 Bg7 5. Bg2 0-0 6. Nge2 c5 7. 0-0 Nc6 8. d3 Rb8 9. h3 a6 10. Be3 b5 11. b3 b4 12. Na4 Bd7 13. Qd2 Ne8 14. Nb2 Nc7 15. d4 cxd4 16. Nxd4 Ne6 17. Nxe6 fxe6 18. Rad1 Qa5 19. Nd3 Bc3 20. Qc2 e5 21. Nc1 Nd4 22. Qd3 Nf3+ 23. Kh1 Rf7 24. Bh6 Nd4 25. f3 Bc6 26. Rf2 Ne6 27. h4 Bd4 28. Rff1 Ba7 29. Qd2 Qc7 30. Ne2 a5 31. Ng1 Rd8 32. Nh3 Ng7 33. Ng5 Rf6 34. Bh3 Nh5 35. Kh2 Bd4 36. Ne6 Qb8 37. Bg5 1-0

[Event "Oberliga Ost-B 1617"]
[Site "Germany"]
[Date "2016.10.16"]
[Round "1.5"]
[White "Kues, Jarl Hendrik"]
[Black "Seifert, Christopher"]
[Result "1/2-1/2"]
[WhiteElo "2136"]
[BlackElo "2294"]
[PlyCount "60"]
[EventDate "2016.10.16"]
[EventType "team-tourn"]
[EventRounds "11"]
[EventCountry "GER"]
[SourceTitle "EXT 2018"]
[Source "ChessBase"]
[SourceDate "2017.10.13"]
[SourceVersion "1"]
[SourceVersionDate "2017.10.13"]
[SourceQuality "1"]
[WhiteTeam "Frankfurt BvK"]
[BlackTeam "Neuberg"]
[WhiteTeamCountry "GER"]
[BlackTeamCountry "GER"]

1. d4 Nf6 2. Nf3 c5 3. c3 b6 4. Bf4 Bb7 5. e3 Nh5 6. Bg5 h6 7. Bh4 g5 8. Ne5 Nf6 9. Bg3 Bg7 10. Nd2 d6 11. Qa4+ Kf8 12. Nef3 Nh5 13. dxc5 bxc5 14. e4 Qc8 15. Be2 Nd7 16. 0-0 Bf6 17. Ne1 Nf4 18. Bxf4 gxf4 19. Bg4 Bc6 20. Qc2 Rg8 21. Bh3 Qb7 22. f3 Ne5 23. Nd3 Nxd3 24. Qxd3 Bb5 25. c4 Bc6 26. Rab1 Be5 27. Nb3 Qb6 28. Nc1 e6 29. Ne2 Rg6 30. Kh1 Ke7 1/2-1/2

[Event "BL2-Ost 1516"]
[Site "Germany"]
[Date "2015.09.20"]
[Round "2.6"]
[White "Seifert, Volker"]
[Black "Seifert, Christopher"]
[Result "1-0"]
[WhiteElo "2347"]
[BlackElo "2299"]
[PlyCount "87"]
[EventDate "2015.09.20"]
[EventType "team-tourn"]
[EventRounds "9"]
[EventCountry "GER"]
[SourceTitle "CBM 170 Extra"]
[Source "ChessBase"]
[SourceDate "2016.02.25"]
[SourceVersion "1"]
[SourceVersionDate "2016.02.25"]
[SourceQuality "1"]
[WhiteTeam "Garching"]
[BlackTeam "Neuberg"]
[WhiteTeamCountry "GER"]
[BlackTeamCountry "GER"]

1. d4 Nf6 2. c4 c5 3. d5 e6 4. Nc3 exd5 5. cxd5 d6 6. e4 g6 7. Bd3 Bg7 8. h3 0-0 9. Nf3 Nh5 10. 0-0 Nd7 11. Bg5 Bf6 12. Be3 a6 13. a4 Re8 14. Qd2 Qc7 15. Rab1 Rb8 16. Rfc1 Qa5 17. g4 Ng7 18. Bf4 Ne5 19. Nxe5 Bxe5 20. Bxe5 dxe5 21. Qe3 Bd7 22. b3 Rbc8 23. Nd1 Qd8 24. Rxc5 Rxc5 25. Qxc5 Qh4 26. Qe3 h5 27. Qg3 Qg5 28. Ne3 hxg4 29. hxg4 Rc8 30. Nc4 Bxg4 31. Nxe5 f5 32. f4 Qd8 33. Nxg4 Nh5 34. Qf3 fxg4 35. Qxg4 Qb6+ 36. Kg2 Rc3 37. Rd1 Qd6 38. Kf3 Kf8 39. Qg5 Rxb3 40. Qe5 Qd7 41. f5 Ng7 42. Qf6+ Kg8 43. Qxg6 Kf8 44. Qh6 1-0

[Event "Karl Mala Memorial op-A 17th"]
[Site "Frankfurt"]
[Date "2014.08.03"]
[Round "7"]
[White "Reh, Stefan"]
[Black "Seifert, Christopher"]
[Result "1/2-1/2"]
[WhiteElo "2024"]
[BlackElo "2316"]
[PlyCount "88"]
[EventDate "2014.07.31"]
[EventType "swiss"]
[EventRounds "7"]
[EventCountry "GER"]
[SourceTitle "EXT 2015"]
[Source "ChessBase"]
[SourceDate "2014.11.20"]
[SourceVersion "1"]
[SourceVersionDate "2014.11.20"]
[SourceQuality "1"]

1. e4 g6 2. d4 Bg7 3. Nc3 d6 4. Be3 c6 5. Qd2 b5 6. Bd3 Nd7 7. f4 Ngf6 8. h3 e5 9. Nf3 0-0 10. fxe5 dxe5 11. dxe5 Ne8 12. Bg5 Qc7 13. Be7 Nxe5 14. Bxf8 Nxf3+ 15. gxf3 Kxf8 16. f4 b4 17. Ne2 c5 18. e5 Qc6 19. 0-0-0 Be6 20. Ng3 Qa4 21. Qf2 Bh6 22. Qxc5+ Kg8 23. Rdf1 Rd8 24. Ne4 Bd5 25. Ng5 Bf8 26. Qe3 Qxa2 27. h4 Bc4 28. e6 Qa1+ 29. Kd2 Qxb2 30. exf7+ Bxf7 31. Nxf7 Kxf7 32. h5 Nf6 33. hxg6+ hxg6 34. f5 g5 35. Qe6+ Kg7 36. Rhg1 Rxd3+ 37. Kxd3 Qc3+ 38. Ke2 Qxc2+ 39. Kf3 Qd3+ 40. Kg2 Bc5 41. Rf3 Qd4 42. Re1 Bd6 43. Rfe3 Qg4+ 44. Kf1 Qf4+ 1/2-1/2

[Event "Karl Mala Memorial op-A 17th"]
[Site "Frankfurt"]
[Date "2014.08.02"]
[Round "4"]
[White "Seifert, Christopher"]
[Black "Flach, Erich"]
[Result "0-1"]
[WhiteElo "2316"]
[BlackElo "2147"]
[PlyCount "48"]
[EventDate "2014.07.31"]
[EventType "swiss"]
[EventRounds "7"]
[EventCountry "GER"]
[SourceTitle "EXT 2015"]
[Source "ChessBase"]
[SourceDate "2014.11.20"]
[SourceVersion "1"]
[SourceVersionDate "2014.11.20"]
[SourceQuality "1"]

1. c4 e5 2. g3 Nc6 3. Bg2 Nf6 4. Nc3 Bb4 5. Nd5 Bc5 6. d3 h6 7. e3 0-0 8. Ne2 d6 9. 0-0 a6 10. a3 Bf5 11. b4 Ba7 12. Bb2 Nxd5 13. Bxd5 Bh3 14. Re1 Qd7 15. d4 Rae8 16. Rc1 Qf5 17. Bh1 Bg4 18. d5 Nb8 19. c5 Nd7 20. c6 Nf6 21. cxb7 Bh3 22. Nc3 e4 23. Qc2 Re7 24. Ne2 Qxf2+ 0-1

[Event "Karl Mala Memorial op-A 17th"]
[Site "Frankfurt"]
[Date "2014.08.01"]
[Round "3"]
[White "Chandler, Patrick"]
[Black "Seifert, Christopher"]
[Result "1/2-1/2"]
[WhiteElo "2161"]
[BlackElo "2316"]
[PlyCount "27"]
[EventDate "2014.07.31"]
[EventType "swiss"]
[EventRounds "7"]
[EventCountry "GER"]
[SourceTitle "EXT 2015"]
[Source "ChessBase"]
[SourceDate "2014.11.20"]
[SourceVersion "1"]
[SourceVersionDate "2014.11.20"]
[SourceQuality "1"]

1. d4 Nf6 2. Nf3 c5 3. c3 b6 4. Bg5 Bb7 5. Nbd2 e6 6. e3 Be7 7. Bd3 0-0 8. 0-0 d5 9. Qc2 h6 10. Bh4 Nbd7 11. Rfe1 Rc8 12. Rad1 c4 13. Bf1 b5 14. Ne5 1/2-1/2

[Event "Karl Mala Memorial op-A 17th"]
[Site "Frankfurt"]
[Date "2014.07.31"]
[Round "1"]
[White "Rafiee, Kayvan"]
[Black "Seifert, Christopher"]
[Result "0-1"]
[WhiteElo "1906"]
[BlackElo "2316"]
[PlyCount "88"]
[EventDate "2014.07.31"]
[EventType "swiss"]
[EventRounds "7"]
[EventCountry "GER"]
[SourceTitle "EXT 2015"]
[Source "ChessBase"]
[SourceDate "2014.11.20"]
[SourceVersion "1"]
[SourceVersionDate "2014.11.20"]
[SourceQuality "1"]

1. e4 c5 2. Nf3 Nc6 3. d4 cxd4 4. Nxd4 Nf6 5. Nc3 e6 6. Ndb5 Bb4 7. a3 Bxc3+ 8. Nxc3 d5 9. exd5 exd5 10. Bd3 0-0 11. 0-0 d4 12. Ne4 Bf5 13. Bg5 Bxe4 14. Bxe4 h6 15. Bxf6 Qxf6 16. f4 Rfd8 17. Bd3 Ne7 18. Qf3 Nd5 19. Qe4 g6 20. Rf3 Rac8 21. Kh1 Rc7 22. f5 g5 23. Qg4 Ne3 24. Qg3 Qd6 25. Qxd6 Rxd6 26. Rf2 Kg7 27. h3 Kf6 28. Re1 Nd5 29. g3 Re7 30. Rxe7 Nxe7 31. Be4 Nd5 32. Bxd5 Rxd5 33. g4 Rb5 34. b3 Rc5 35. Rd2 Ke5 36. Kg2 Rc3 37. Re2+ Kf4 38. a4 a5 39. Rd2 Ke3 40. Rf2 f6 41. Kf1 d3 42. cxd3 Kxd3 43. Rb2 Rc1+ 44. Kf2 Rc2+ 0-1

[Event "Staufer op 26th"]
[Site "Schwaebisch Gmuend"]
[Date "2014.01.02"]
[Round "1"]
[White "Andraschko, Felix"]
[Black "Seifert, Christopher"]
[Result "1/2-1/2"]
[WhiteElo "2145"]
[BlackElo "2316"]
[PlyCount "84"]
[EventDate "2014.01.02"]
[EventType "swiss"]
[EventRounds "9"]
[EventCountry "GER"]
[SourceTitle "CBM 158 Extra"]
[Source "ChessBase"]
[SourceDate "2014.02.28"]
[SourceVersion "1"]
[SourceVersionDate "2014.02.28"]
[SourceQuality "1"]

1. Nf3 c5 2. c4 g6 3. e4 Bg7 4. d4 cxd4 5. Nxd4 Nc6 6. Be3 Nf6 7. Nc3 0-0 8. Be2 d6 9. 0-0 Nd7 10. Nc2 Nc5 11. f3 f5 12. exf5 Bxf5 13. Qd2 Qa5 14. Nd4 Rad8 15. Rad1 Rf7 16. Rf2 Bd7 17. Bf1 Ne5 18. Nd5 Qxa2 19. Bg5 Re8 20. Qe1 Ned3 21. Bxd3 Bxd4 22. Be3 Bxe3 23. Nxe3 Qa6 24. Bc2 b6 25. b4 Ne6 26. Ra1 Qb7 27. Ng4 Kf8 28. Be4 Qc7 29. Bd5 h5 30. Bxe6 Bxe6 31. Qxe6 hxg4 32. Qxg6 Qxc4 33. Qxg4 Qxg4 34. fxg4 Rc8 35. Rxf7+ Kxf7 36. Rxa7 Rc4 37. b5 Rb4 38. Kf2 Rxb5 39. h4 Re5 40. Kf3 b5 41. Rb7 Rc5 42. g5 Ke6 1/2-1/2

[Event "BL2-Sued 1314"]
[Site "Germany"]
[Date "2013.10.13"]
[Round "1.3"]
[White "Seifert, Christopher"]
[Black "Dobosz, Henryk"]
[Result "0-1"]
[WhiteElo "2332"]
[BlackElo "2368"]
[PlyCount "52"]
[EventDate "2013.10.13"]
[EventType "team-tourn"]
[EventRounds "9"]
[EventCountry "GER"]
[SourceTitle "EXT 2015"]
[Source "ChessBase"]
[SourceDate "2014.11.20"]
[SourceVersion "1"]
[SourceVersionDate "2014.11.20"]
[SourceQuality "1"]
[WhiteTeam "Neuberg"]
[BlackTeam "Buchen"]
[WhiteTeamCountry "GER"]
[BlackTeamCountry "GER"]

1. c4 e6 2. g3 d5 3. Bg2 Nf6 4. Nf3 Be7 5. 0-0 0-0 6. b3 b6 7. Bb2 Bb7 8. e3 c5 9. Nc3 Nbd7 10. Qe2 Qc7 11. Rfd1 Rad8 12. a4 Ne4 13. a5 Nxc3 14. Bxc3 e5 15. axb6 axb6 16. Ra7 e4 17. Ne5 Nxe5 18. Bxe5 Qc6 19. d3 f5 20. Qb2 Rf7 21. Rd2 dxc4 22. bxc4 Bf8 23. dxe4 Rxd2 24. Qxd2 Rd7 25. Qc2 fxe4 26. Bxe4 Qxe4 0-1

[Event "Oberliga Ost-B 1213"]
[Site "Germany"]
[Date "2013.04.14"]
[Round "11.3"]
[White "Seifert, Christopher"]
[Black "Sieber, Stephan"]
[Result "1-0"]
[WhiteElo "2254"]
[BlackElo "2246"]
[PlyCount "63"]
[EventDate "2012.09.30"]
[EventType "team-tourn"]
[EventRounds "11"]
[EventCountry "GER"]
[SourceTitle "EXT 2014"]
[Source "ChessBase"]
[SourceDate "2013.11.20"]
[SourceVersion "1"]
[SourceVersionDate "2013.11.20"]
[SourceQuality "1"]
[WhiteTeam "Neuberg"]
[BlackTeam "Erfurt Empor"]
[WhiteTeamCountry "GER"]
[BlackTeamCountry "GER"]

1. c4 g6 2. g3 Bg7 3. Bg2 d6 4. Nc3 c5 5. d3 Nc6 6. e4 e6 7. Nge2 Nge7 8. h4 h5 9. Be3 Nd4 10. 0-0 Nec6 11. Rb1 Qa5 12. a3 Rb8 13. b4 Nxe2+ 14. Qxe2 cxb4 15. axb4 Qd8 16. Rfc1 0-0 17. Qa2 Ra8 18. Nb5 a6 19. c5 dxc5 20. bxc5 Rb8 21. Nd6 b5 22. f4 e5 23. f5 gxf5 24. exf5 Nd4 25. Rf1 Nxf5 26. Bg5 Be6 27. Qxa6 Qd7 28. Bc6 Qc7 29. Nxf5 Bxf5 30. Rxf5 Rfc8 31. Qa2 Rf8 32. Qd5 1-0

[Event "Oberliga Ost-B 1213"]
[Site "Germany"]
[Date "2013.02.03"]
[Round "7.3"]
[White "Seifert, Christopher"]
[Black "Zipfel, Frank"]
[Result "1-0"]
[WhiteElo "2254"]
[BlackElo "2150"]
[PlyCount "71"]
[EventDate "2012.09.30"]
[EventType "team-tourn"]
[EventRounds "11"]
[EventCountry "GER"]
[SourceTitle "EXT 2014"]
[Source "ChessBase"]
[SourceDate "2013.11.20"]
[SourceVersion "1"]
[SourceVersionDate "2013.11.20"]
[SourceQuality "1"]
[WhiteTeam "Neuberg"]
[BlackTeam "Jena Jenapharm"]
[WhiteTeamCountry "GER"]
[BlackTeamCountry "GER"]

1. c4 e5 2. g3 Nf6 3. Bg2 d6 4. Nc3 g6 5. d3 Bg7 6. e4 0-0 7. Nge2 Be6 8. 0-0 Qd7 9. f4 c6 10. Rb1 a5 11. a3 Na6 12. b4 axb4 13. axb4 Bh3 14. f5 Bxg2 15. Kxg2 d5 16. cxd5 cxd5 17. Bg5 dxe4 18. dxe4 Rfd8 19. Qxd7 Rxd7 20. fxg6 Ne8 21. gxh7+ Kxh7 22. Nd5 Rb8 23. Rfd1 Nac7 24. Nec3 Nxd5 25. Nxd5 Rc8 26. Rbc1 Ra8 27. Rc2 Bh6 28. Bxh6 Kxh6 29. Rf1 Ra3 30. Rf3 Ra1 31. Rcf2 Kg7 32. Rf5 Nd6 33. Rxe5 Nxe4 34. Rxe4 Rxd5 35. Re7 Rb5 36. Rfxf7+ 1-0

[Event "Oberliga Ost-B 1213"]
[Site "Germany"]
[Date "2013.02.02"]
[Round "6.3"]
[White "Hellwig, Tobias"]
[Black "Seifert, Christopher"]
[Result "1/2-1/2"]
[WhiteElo "2161"]
[BlackElo "2254"]
[PlyCount "101"]
[EventDate "2012.09.30"]
[EventType "team-tourn"]
[EventRounds "11"]
[EventCountry "GER"]
[SourceTitle "EXT 2014"]
[Source "ChessBase"]
[SourceDate "2013.11.20"]
[SourceVersion "1"]
[SourceVersionDate "2013.11.20"]
[SourceQuality "1"]
[WhiteTeam "Jena Schott"]
[BlackTeam "Neuberg"]
[WhiteTeamCountry "GER"]
[BlackTeamCountry "GER"]

1. d4 Nf6 2. Nf3 c5 3. c3 b6 4. Bf4 g6 5. Nbd2 Bb7 6. Qb3 Qc8 7. Ng5 Bd5 8. c4 Bb7 9. d5 d6 10. g3 h6 11. Bh3 Qc7 12. Nge4 Nxe4 13. Nxe4 f5 14. Qc3 Rg8 15. Nd2 e5 16. Be3 Bg7 17. Qc2 Nd7 18. g4 Nf6 19. gxf5 g5 20. Ne4 Ke7 21. Nxf6 Bxf6 22. Bg4 Qd7 23. f3 b5 24. h4 gxh4 25. Bf2 bxc4 26. Qxc4 h5 27. Bxh5 Qxf5 28. Bg4 Qf4 29. Qb5 Bc8 30. e3 Qb4+ 31. Qxb4 cxb4 32. Bxh4 Bxg4 33. Bxf6+ Kxf6 34. fxg4 Rxg4 35. Rc1 Rg2 36. Rf1+ Kg5 37. Rc7 Rxb2 38. Rg7+ Kh6 39. Rff7 Rh8 40. Rxa7 Rxa2 41. Rxa2 Kxg7 42. Ra7+ Kf6 43. Rb7 Rh4 44. Kd2 e4 45. Rxb4 Rh2+ 46. Kd1 Kf5 47. Rb8 Ke5 48. Re8+ Kxd5 49. Ke1 Rh4 50. Kd2 Rh2+ 51. Ke1 1/2-1/2

[Event "Staufer op 25th"]
[Site "Schwaebisch Gmuend"]
[Date "2013.01.05"]
[Round "8"]
[White "Kalinitschew, Sergey"]
[Black "Seifert, Christopher"]
[Result "1/2-1/2"]
[WhiteElo "2472"]
[BlackElo "2244"]
[PlyCount "246"]
[EventDate "2013.01.02"]
[EventType "swiss"]
[EventRounds "9"]
[EventCountry "GER"]
[SourceTitle "CBM 152 Extra"]
[Source "ChessBase"]
[SourceDate "2013.02.25"]
[SourceVersion "1"]
[SourceVersionDate "2013.02.25"]
[SourceQuality "1"]

1. e4 c5 2. Nf3 Nc6 3. c3 Nf6 4. e5 Nd5 5. d4 cxd4 6. cxd4 d6 7. Bc4 Nb6 8. Bb5 d5 9. Nh4 e6 10. Nf3 Be7 11. Nc3 f5 12. h4 0-0 13. Bg5 Bd7 14. Rc1 Be8 15. Bxc6 Bxc6 16. g3 Be8 17. Bxe7 Qxe7 18. Ng5 f4 19. Qg4 fxg3 20. f4 Rf5 21. Qxg3 h6 22. Nh3 Rc8 23. Rg1 Rh5 24. Nf2 Rc7 25. Ng4 Nd7 26. Kd2 Rc4 27. Ke3 Kh8 28. b3 Rc6 29. Nb5 Nf8 30. Nd6 Bg6 31. Rxc6 bxc6 32. Rc1 Qc7 33. Qe1 Bf5 34. Nh2 Ng6 35. Nf3 Be4 36. Qg3 Ne7 37. Ng1 Kh7 38. Ne2 Ng6 39. Qg4 Rxh4 40. Qxe6 Qd8 41. Nxe4 dxe4 42. Qf5 Qb6 43. e6 Qa6 44. Rc4 Qxa2 45. e7 Rh2 46. Qxg6+ Kxg6 47. e8Q+ Kh7 48. Qxe4+ Kh8 49. Qc2 Rh3+ 50. Kf2 Rh2+ 51. Kf3 Qa1 52. Qc1 Qa2 53. Qc2 Qa1 54. Qc1 Qa2 55. Qd1 g5 56. fxg5 hxg5 57. d5 Qb2 58. Qd4+ Qxd4 59. Rxd4 cxd5 60. Rxd5 g4+ 61. Ke3 Rh3+ 62. Kf4 Rxb3 63. Ng3 Kg7 64. Ne4 Ra3 65. Rd7+ Kg6 66. Kxg4 Ra1 67. Kf4 Ra5 68. Rd6+ Kf7 69. Rc6 Ke7 70. Nc5 Ra1 71. Ke5 Re1+ 72. Ne4 Rd1 73. Rc7+ Rd7 74. Rc1 Rd3 75. Rh1 Kd8 76. Nc5 Rd2 77. Rh7 a5 78. Nb7+ Kc8 79. Nd6+ Kd8 80. Ra7 Rd1 81. Nf7+ Ke8 82. Ke6 Re1+ 83. Ne5 Kd8 84. Kd6 Rd1+ 85. Ke6 a4 86. Nf7+ Kc8 87. Nd6+ Kb8 88. Rb7+ Ka8 89. Rb4 Ka7 90. Kd7 a3 91. Kc6 Rc1+ 92. Kb5 Kb8 93. Ra4 Kc7 94. Nc4 Kd7 95. Rxa3 Ke6 96. Kc5 Kf5 97. Rf3+ Ke4 98. Re3+ Kf5 99. Re2 Kf4 100. Kd4 Kf5 101. Ne3+ Ke6 102. Rh2 Kf6 103. Ke4 Ra1 104. Nd5+ Ke6 105. Rh6+ Kd7 106. Nb6+ Ke7 107. Kd5 Rd1+ 108. Kc5 Rc1+ 109. Nc4 Rd1 110. Ne3 Rd2 111. Nd5+ Kf7 112. Kd6 Rd1 113. Rf6+ Kg7 114. Rf3 Kg6 115. Ke5 Re1+ 116. Ne3 Ra1 117. Rf6+ Kg5 118. Rf2 Ra5+ 119. Nd5 Kg4 120. Rc2 Ra1 121. Nf6+ Kf3 122. Rc3+ Kf2 123. Ke4 Ra8 1/2-1/2

[Event "Staufer op 25th"]
[Site "Schwaebisch Gmuend"]
[Date "2013.01.04"]
[Round "5"]
[White "Hahn, Florian"]
[Black "Seifert, Christopher"]
[Result "0-1"]
[WhiteElo "2037"]
[BlackElo "2244"]
[PlyCount "64"]
[EventDate "2013.01.02"]
[EventType "swiss"]
[EventRounds "9"]
[EventCountry "GER"]
[SourceTitle "CBM 152 Extra"]
[Source "ChessBase"]
[SourceDate "2013.02.25"]
[SourceVersion "1"]
[SourceVersionDate "2013.02.25"]
[SourceQuality "1"]

1. d4 Nf6 2. c4 c5 3. d5 e6 4. Nc3 exd5 5. cxd5 d6 6. g3 g6 7. Bg2 Bg7 8. Nf3 0-0 9. 0-0 Na6 10. h3 Re8 11. Re1 Nc7 12. e4 Rb8 13. a4 a6 14. a5 b5 15. axb6 Rxb6 16. Nd2 Rb4 17. Ra4 Nfxd5 18. Nxd5 Nxd5 19. Rxb4 Nxb4 20. Nc4 Bd4 21. Bf4 Re6 22. h4 d5 23. exd5 Nxd5 24. Bg5 Qe8 25. Rxe6 Bxe6 26. Be3 Nxe3 27. Nxe3 Qb8 28. Qe2 a5 29. Qa6 Bxe3 30. fxe3 Qxg3 31. Qxa5 Qxe3+ 32. Kh1 Qd4 0-1

[Event "Oberliga Ost-B 1213"]
[Site "Germany"]
[Date "2012.11.11"]
[Round "3.3"]
[White "Roosen, Holger"]
[Black "Seifert, Christopher"]
[Result "0-1"]
[WhiteElo "2222"]
[BlackElo "2254"]
[PlyCount "102"]
[EventDate "2012.09.30"]
[EventType "team-tourn"]
[EventRounds "11"]
[EventCountry "GER"]
[SourceTitle "EXT 2014"]
[Source "ChessBase"]
[SourceDate "2013.11.20"]
[SourceVersion "1"]
[SourceVersionDate "2013.11.20"]
[SourceQuality "1"]
[WhiteTeam "Offenbach"]
[BlackTeam "Neuberg"]
[WhiteTeamCountry "GER"]
[BlackTeamCountry "GER"]

1. c4 c5 2. b3 Nc6 3. Bb2 d6 4. g3 e5 5. Nc3 g6 6. Bg2 Bg7 7. Nd5 f5 8. e3 Nf6 9. d3 0-0 10. Nxf6+ Qxf6 11. Ne2 g5 12. 0-0 Bd7 13. Rb1 Rae8 14. Qd2 f4 15. gxf4 gxf4 16. Bd5+ Kh8 17. Nxf4 Qh6 18. Ne2 Nd4 19. Nxd4 exd4 20. Kh1 Be5 21. f4 Bh3 22. exd4 Bxd4 23. Bxd4+ cxd4 24. Rf3 Bg4 25. Rg3 Re2 26. Qxe2 Bxe2 27. Rbg1 Bf3+ 28. Rxf3 Qf6 29. Rfg3 h6 30. Rg7 Qxg7 31. Rxg7 Kxg7 32. Bxb7 Rxf4 33. Kg2 Kf6 34. b4 Ke5 35. a4 Rg4+ 36. Kf3 Rf4+ 37. Kg3 Rf1 38. a5 Ra1 39. a6 Ra3 40. b5 Rxd3+ 41. Kf2 Ra3 42. Ke2 Ke6 43. Bc8+ Ke7 44. Bf5 Kd8 45. h4 Kc7 46. Kd2 Kb6 47. h5 Kc5 48. Bd3 Ra2+ 49. Kd1 Rh2 50. Be2 d3 51. Bf3 Rb2 0-1

[Event "Karl Mala Memorial op 15th"]
[Site "Frankfurt"]
[Date "2012.07.08"]
[Round "7"]
[White "Bingert, Tim Niklas"]
[Black "Seifert, Christopher"]
[Result "1/2-1/2"]
[WhiteElo "1888"]
[BlackElo "2254"]
[PlyCount "53"]
[EventDate "2012.07.05"]
[EventType "swiss"]
[EventRounds "7"]
[EventCountry "GER"]
[SourceTitle "CBM 149 Extra"]
[Source "ChessBase"]
[SourceDate "2012.08.24"]
[SourceVersion "1"]
[SourceVersionDate "2012.08.24"]
[SourceQuality "1"]

1. e4 g6 2. d4 Bg7 3. Nc3 d6 4. Nge2 Nf6 5. h3 c6 6. g4 b5 7. a3 Nbd7 8. Bg2 Bb7 9. 0-0 0-0 10. Be3 h5 11. g5 Nh7 12. f4 Nb6 13. f5 c5 14. b3 Ba6 15. h4 Rc8 16. Rf2 Qc7 17. Rc1 Rfe8 18. Nd5 Nxd5 19. exd5 Nf8 20. Nf4 cxd4 21. Bxd4 Bxd4 22. Qxd4 Qc3 23. Qxc3 Rxc3 24. fxg6 Nxg6 25. Nxg6 fxg6 26. Be4 Rg3+ 27. Rg2 1/2-1/2

[Event "Karl Mala Memorial op 15th"]
[Site "Frankfurt"]
[Date "2012.07.06"]
[Round "3"]
[White "Kolker, Vladislav"]
[Black "Seifert, Christopher"]
[Result "0-1"]
[WhiteElo "2044"]
[BlackElo "2254"]
[PlyCount "82"]
[EventDate "2012.07.05"]
[EventType "swiss"]
[EventRounds "7"]
[EventCountry "GER"]
[SourceTitle "CBM 149 Extra"]
[Source "ChessBase"]
[SourceDate "2012.08.24"]
[SourceVersion "1"]
[SourceVersionDate "2012.08.24"]
[SourceQuality "1"]

1. e4 c5 2. Nf3 Nc6 3. d4 cxd4 4. Nxd4 Nf6 5. Nc3 e6 6. Ndb5 Bb4 7. Nd6+ Ke7 8. Nxc8+ Rxc8 9. Bd3 d5 10. exd5 Nxd5 11. Bd2 Nxc3 12. bxc3 Bd6 13. Qg4 Be5 14. 0-0 Qa5 15. Rab1 Qc7 16. f4 Bf6 17. f5 e5 18. c4 Rhd8 19. Bc3 b6 20. Rbe1 Kf8 21. Rf3 Qd6 22. Rh3 h6 23. Re4 Qa3 24. Bd2 Qxa2 25. Qd1 Qb2 26. g4 a5 27. g5 hxg5 28. Rg4 a4 29. Qe1 Ke7 30. c5 Rd4 31. Rxd4 Qxd4+ 32. Be3 Qb4 33. Qf2 Nd4 34. Bxd4 Qxd4 35. Qxd4 exd4 36. cxb6 Kd6 37. b7 Rb8 38. Be4 Be7 39. Bg2 Ke5 40. Rd3 Bb4 41. c4 a3 0-1